| 000 | 00803 am a2200265ua 4500 | ||
|---|---|---|---|
| 001 | 010120862 | ||
| 005 | 20140302115814.0 | ||
| 008 | 870708s1987 xxka grb 001 0 eng d | ||
| 020 | _a0861876687 | ||
| 020 | _a9780861876686 | ||
| 040 |
_aUk _cUk |
||
| 043 | _aa-cc--- | ||
| 082 | 0 | 4 |
_a658.00951 _222 _bMAN |
| 245 | 0 | 0 |
_aManagement reforms in China / _cedited by Malcolm Warner. |
| 250 | _a1st ed. | ||
| 260 |
_aLondon : _bFrances Pinter, _c1987 _f(Biddles of Guildford Limited) |
||
| 300 | 0 |
_a240 p. : _bill. ; _c22 cm. |
|
| 500 | _aIndex : p. 238-240. | ||
| 504 | _aIncludes bibliographical references. | ||
| 650 | 0 |
_aManagement _zChina _935144 |
|
| 653 |
_bBUSADM _cFebruary2014 |
||
| 655 |
_vreading book _934232 |
||
| 700 | 1 |
_aWarner, Malcolm _935145 _eeditor. |
|
| 942 |
_2ddc _k658.00951 MAN |
||
| 999 |
_c18057 _d18029 |
||